El puente de otoño

Wedi'i Gadw mewn:
Manylion Llyfryddiaeth
Prif Awdur: Matsuoka, Takashi (autor)
Fformat: Llyfr
Iaith:Sbaeneg
Cyhoeddwyd: Barcelona B 2004
Rhifyn:1a. ed
Pynciau:
Tagiau: Ychwanegu Tag
Dim Tagiau, Byddwch y cyntaf i dagio'r cofnod hwn!

MARC

LEADER 00000nam a2200000 a 4500
001 UCK6339
003 CL-VaPUC
008 050930e20040000SP |||||||||||||||||spa|d
020 |a 8466624287 
082 0 4 |a 813  |b MAT  |2 21 
100 |a Matsuoka, Takashi  |e autor  |9 495511 
245 1 3 |a El puente de otoño 
250 |a 1a. ed 
300 |a 489 p 
942 |c BK 
945 |d 20050930 00:00:00  |a cmena 
260 |a Barcelona  |b B  |c 2004 
650 0 |a Novelas estadounidenses  |9 265217 
650 0 |a Ficción   |9 376687 
650 0 |a Historia social  |9 313638 
650 0 |a Literatura estadounidense  |9 317168 
650 7 |a JAPONESES  |2 CL-VaPUC  |9 323545 
650 0 |a Desarrollo cultural  |9 267526 
583 |a last modification  |c 20050930 00:00:00  |k Rodrigo Vera 
999 |c 314635  |d 314633